Archiving 06,07,08 Architectural thesis (Record no. 9647)
[ view plain ]
| 000 -LEADER | |
|---|---|
| fixed length control field | 00306nam a2200121 4500 |
| 003 - CONTROL NUMBER IDENTIFIER | |
| control field | OSt |
| 005 - DATE AND TIME OF LATEST TRANSACTION | |
| control field | 20211124131324.0 |
| 008 - FIXED-LENGTH DATA ELEMENTS--GENERAL INFORMATION | |
| fixed length control field | 211124b ||||| |||| 00| 0 eng d |
| 100 ## - MAIN ENTRY--PERSONAL NAME | |
| Personal name | Deshpande Jayashree |
| 245 ## - TITLE STATEMENT | |
| Title | Archiving 06,07,08 Architectural thesis |
| 260 ## - PUBLICATION, DISTRIBUTION, ETC. (IMPRINT) | |
| Name of publisher, distributor, etc | Council of architecture |
| 942 ## - ADDED ENTRY ELEMENTS (KOHA) | |
| Source of classification or shelving scheme | |
| Withdrawn status | Lost status | Source of classification or shelving scheme | Damaged status | Not for loan | Permanent location | Current location | Date acquired | Barcode | Date last seen | Price effective from | Koha item type | Total Checkouts | Date last borrowed |
|---|---|---|---|---|---|---|---|---|---|---|---|---|---|
| BMS College of Architecture, Design and Planning | BMS College of Architecture, Design and Planning | 2021-11-24 | AR-DB23 | 2021-11-24 | 2021-11-24 | Donated Book | |||||||
| BMS College of Architecture, Design and Planning | BMS College of Architecture, Design and Planning | 2021-11-24 | AR-DB24 | 2021-11-24 | 2021-11-24 | Donated Book | |||||||
| BMS College of Architecture, Design and Planning | BMS College of Architecture, Design and Planning | 2021-11-24 | AR-DB25 | 2023-10-19 | 2021-11-24 | Donated Book | 1 | 2023-10-19 |